Nonprofit law: a practical guide to legal issues for nonprofit organizations / (Record no. 10481)

MARC details
000 -LEADER
fixed length control field 00691nam a22001577a 4500
005 - DATE AND TIME OF LATEST TRANSACTION
control field 20251121114922.0
008 - FIXED-LENGTH DATA ELEMENTS--GENERAL INFORMATION
fixed length control field 251113b ||||| |||| 00| 0 eng d
020 ## - INTERNATIONAL STANDARD BOOK NUMBER
International Standard Book Number 9781634259491
050 ## - LIBRARY OF CONGRESS CALL NUMBER
Classification number KF1388.N665
245 ## - TITLE STATEMENT
Title Nonprofit law: a practical guide to legal issues for nonprofit organizations /
Statement of responsibility, etc. edited by Willard L. Boyd III.
260 ## - PUBLICATION, DISTRIBUTION, ETC.
Place of publication, distribution, etc. Chicago :
Name of publisher, distributor, etc. American Bar Association,
Date of publication, distribution, etc. 2017.
300 ## - PHYSICAL DESCRIPTION
Extent xiv, 144 p. :
Dimensions 23 cm.
500 ## - GENERAL NOTE
General note Includes index.
505 ## - FORMATTED CONTENTS NOTE
Formatted contents note Contents: Introduction: some basic questions -- Formation of nonprofit organizations -- Tax issues for nonprofit corporations -- Governance -- Other matters arising in representation of a nonprofit.
942 ## - ADDED ENTRY ELEMENTS (KOHA)
Source of classification or shelving scheme Library of Congress Classification
Koha item type Books
Holdings
Withdrawn status Lost status Source of classification or shelving scheme Damaged status Not for loan Home library Current library Shelving location Date acquired Total Checkouts Full call number Barcode Date last seen Copy number Price effective from Koha item type
    Library of Congress Classification     WISCONSIN INTERNATIONAL UNIVERSITY COLLEGE, GHANA - MAIN LIBRARY WISCONSIN INTERNATIONAL UNIVERSITY COLLEGE, GHANA - MAIN LIBRARY Law Library 13/11/2025   KF1388.N665 3556/671/25 13/11/2025 1 13/11/2025 Books

If you have any concerns or questions; kindly contact the library


© Powered by WIUC ICT DIRECTORATE